000 00697nam a2200205Ia 4500
001 6536
003 GE_BSU
008 181216s||||||||xx |||||||||||||| ||und||
040 _cGE_BSU
080 _a821.353.1-32
100 _aბეგიაშვილი,არჩილ.
245 _aფილოსოფიური მოთხრობები.
245 _cრედ:მ.გეგია.
260 _aთბილისი.
260 _bსაქ. თეატრის მოღვაწეთა კავშირის სტ.
260 _c1990.
300 _a184გვ;10სმ.
653 _aფილოსოფიური მოთხრობები.
942 _cBK
999 _c39930
_d39930